The philosophical works of Descartes : (Record no. 21967)
[ view plain ]
| 000 -LEADER | |
|---|---|
| fixed length control field | 00948nam a2200277 a 4500 |
| 001 - CONTROL NUMBER | |
| control field | 21967 |
| 003 - CONTROL NUMBER IDENTIFIER | |
| rucl marc code | BD-RjUL |
| 005 - DATE AND TIME OF LATEST TRANSACTION | |
| control field | 20211209000742.0 |
| 008 - FIXED-LENGTH DATA ELEMENTS--GENERAL INFORMATION | |
| fixed length control field | 180917r19671911us 000 0 eng d |
| 035 ## - SYSTEM CONTROL NUMBER | |
| System control number | (BD-RjUL)22032 |
| 040 ## - CATALOGING SOURCE | |
| Original cataloging agency | TLM |
| Transcribing agency | TLM |
| Modifying agency | EQO |
| -- | BD-RjUL |
| Language of cataloging | eng |
| 041 ## - LANGUAGE CODE | |
| Language code of text/sound track or separate title | eng |
| 082 ## - DEWEY DECIMAL CLASSIFICATION NUMBER | |
| Author mark and year | DEP 1967 |
| Edition number | 23 |
| Classification number | 194 |
| 100 1# - MAIN ENTRY--PERSONAL NAME | |
| Personal name | Descartes, René |
| 9 (RLIN) | 222662 |
| 245 14 - TITLE STATEMENT | |
| Title | The philosophical works of Descartes : |
| Remainder of title | rendered into English / |
| Statement of responsibility, etc. | by René Descartes; Elizabeth S. Haldane and G. R. T. Ross |
| 260 ## - PUBLICATION, DISTRIBUTION, ETC. (IMPRINT) | |
| Place of publication, distribution, etc. | Cambridge : |
| Name of publisher, distributor, etc. | University Press, |
| Date of publication, distribution, etc. | 1911 [Reprinted, with corrections 1967] |
| 300 ## - PHYSICAL DESCRIPTION | |
| Pagination | 2 v. : |
| Illustrations | Ill. ; |
| Size | 23 cm |
| 500 ## - GENERAL NOTE | |
| General note | "In Two Volumes" |
| 600 ## - SUBJECT ADDED ENTRY--PERSONAL NAME | |
| Personal name | Descartes, René, |
| Dates associated with a name | 1596-1650 |
| 650 ## - SUBJECT ADDED ENTRY--TOPICAL TERM | |
| Topical term or geographic name as entry element | Philosophy, French |
| 9 (RLIN) | 222664 |
| Topical term or geographic name as entry element | Rationalism |
| 9 (RLIN) | 222665 |
| Topical term or geographic name as entry element | Metaphysics |
| 9 (RLIN) | 222666 |
| 700 ## - ADDED ENTRY--PERSONAL NAME | |
| Personal name | Haldane, Elizabeth S. , tr. |
| Personal name | Ross, G. R. T. , jt. tr. |
| 942 ## - ADDED ENTRY ELEMENTS (KOHA) | |
| Source of classification or shelving scheme | Dewey Decimal Classification |
| Koha item type | Rare Books |
| Lost status | Source of classification or shelving scheme | Damaged status | Not for loan | Collection code | Permanent Location | Current Location | Shelving location | Date acquired | Source of acquisition | Cost, normal purchase price | Total Checkouts | Full call number | Date last seen | Copy number | Koha item type |
|---|---|---|---|---|---|---|---|---|---|---|---|---|---|---|---|
| Dewey Decimal Classification | Not For Loan | Rare Books | Central Library, University of Rajshahi | Central Library, University of Rajshahi | Rare Book Section | 11/11/1969 | Zeitlinger | 0.35 | RA 194 DEP V-1 1967 | 17/09/2018 | C-1 | Rare Books | |||
| Dewey Decimal Classification | Not For Loan | Rare Books | Central Library, University of Rajshahi | Central Library, University of Rajshahi | Rare Book Section | 11/11/1969 | Zeitlinger | 0.55 | RA 194 DEP V-2 1967 | 17/09/2018 | C-1 | Rare Books |